Great UEFA cup cities - Statistics

General Stats
  • This quiz has been taken 684 times
  • The average score is 6 of 7
Answer Stats
Answer % Correct
Madrid
97%
London
96%
Milan
90%
Manchester
83%
Liverpool
72%
Lisbon
69%
Glasgow
60%
No matching quizzes found
Score Distribution
Percent of People with Each Score
Percentile by Number Answered
Your Score History
You have not taken this quiz